| 000 | 00705nam a2200277Ia 4500 | ||
|---|---|---|---|
| 001 | Z_3681 | ||
| 003 | CHAP | ||
| 008 | 220113s1994 xx 000 0 und d | ||
| 010 | _a166763 | ||
| 040 | _cCHAP | ||
| 082 | _a633.2 P4y | ||
| 100 |
_aPearson, C. J. _eautor _9138185 |
||
| 245 |
_aAgronomÃa de los sistemas pastoriles / _cby C.J. Pearson and R.L. Ison |
||
| 260 |
_aBuenos Aires : _bHemisferio Sur, _c1994 |
||
| 300 | _a157 p. ; ilus. | ||
| 440 | _a | ||
| 500 | _aTrad. De : Agronomy of grassland system | ||
| 503 | _aC/E | ||
| 650 |
_aPastizales I. Ison, R. L. II. t. _9138186 |
||
| 901 | _a633.2 P4y | ||
| 902 | _aA | ||
| 910 | _a1994 | ||
| 942 | _c1 | ||
| 942 | _cc1 | ||
| 999 |
_c166763 _d166763 |
||